Jednotné pracovné postupy rozborov pôd (výstup z výskumnej úlohy "Monitoring a hodnotenie vlastností pôd SR a potenciálov ich vývoja")

Podrobná bibliografia
Ďalší autori: Hrivňáková, Katarína (Zostavovateľ, kompilátor), Makovníková, Jarmila, 1962- (Zostavovateľ, kompilátor)
Médium: Kniha
Jazyk:slovenčina
Fyzický popis:136 s. fotogr., ilustr., tab. 25 cm
Vydavateľské údaje: Bratislava Výskumný ústav pôdoznalectva a ochrany pôdy 2011
ISBN:9788089128891 (brož.)
Vydanie:1. vyd.
Predmet:

MARC

LEADER 00000cam a2200000 a 4500
001 vtls010340400
003 SK-MaSNL
005 20260426002612.0
008 150827s2011 xo ola f 000 0 slo
015 |a SNBA2012/04-01801 
020 |a 9788089128891 (brož.) 
035 |a 93255EB1-DB14-45A5-8468-21FAE53114C7 
035 |a urn:nbn:sk:snk-amjjr8 
035 |a urn:nbn:sk:snk-am0010rt 
040 |a SNK  |b slo  |c SNK  |e AACR2 
041 0 |a slo 
043 |a e-xo--- 
044 |a xo  |c SK 
072 7 |a 631  |x Poľnohospodárstvo. Pedológia. Agrotechnika. Agroekológia  |2 konspekt 
080 |a 631.4  |2 2001 
080 |a 631.4-021.465  |2 2001 
080 |a 631.111.3  |2 2001 
080 |a 631.42  |2 2001 
080 |a (437.6)  |2 2001 
080 |a (048.8:082)  |2 2001 
245 0 0 |a Jednotné pracovné postupy rozborov pôd  |b (výstup z výskumnej úlohy "Monitoring a hodnotenie vlastností pôd SR a potenciálov ich vývoja")  |c Katarína Hrivňáková ... [et al.] ; [zostavovateľ: Katarína Hrivňáková, Jarmila Makovníková] 
246 3 0 |a Monitoring a hodnotenie vlastností pôd SR a potenciálov ich vývoja 
250 |a 1. vyd. 
260 |a Bratislava  |b Výskumný ústav pôdoznalectva a ochrany pôdy  |c 2011 
300 |a 136 s.  |b fotogr., ilustr., tab.  |c 25 cm 
366 |e 100 výt. 
504 |a Bibliogr. Pozn. 
650 0 7 |a pedológia  |2 SNKPH  |9 1160 
650 0 7 |a kvalita pôdy  |2 SNKPH  |9 73797 
650 0 7 |a bonitácia pôdy  |2 SNKPH  |9 79987 
650 0 7 |a pôdne rozbory  |2 SNKPH  |9 73132 
650 0 7 |a Pedology  |2 SNKPHeng  |9 265460 
650 0 7 |a Soil quality  |2 SNKPHeng  |9 326637 
650 0 7 |a Soil bonity  |2 SNKPHeng  |9 329646 
650 0 7 |a Soil testing  |2 SNKPHeng  |9 270880 
651 7 |a Slovensko  |2 SNKPH  |9 14231 
651 7 |a Slovakia  |2 SNKPHeng  |9 92630 
655 7 |a kolektívne monografie  |2 SNKPH  |9 249850 
655 7 |a Collective monographs  |2 SNKPHeng  |9 125747 
700 1 |a Hrivňáková, Katarína  |4 com  |9 325608 
700 1 |a Makovníková, Jarmila,  |d 1962-  |4 com  |9 192186 
852 |a Štátna vedecká knižnica v Banskej Bystrici 
919 |a 978-80-89128-89-1 
958 |a NB 
968 |d 63 
999 |c 922823  |d 924753 
952 |a SNK  |b SNK  |y PREZ  |7 0  |p 17A0877903  |o snkSC 148295  |i snk2012/3828  |8 0  |0 0  |1 0  |4 0  |d 2012-02-13  |l 0  |r 2025-07-17 00:00:00  |w 2026-02-24 
952 |a SNK  |b SNK  |y VYP  |7 0  |p 17A0877904  |o snkSC 148295 D1  |i snk2012/3829  |8 0  |0 0  |1 0  |4 0  |d 2012-02-13  |f 1  |l 0  |r 2026-02-24 08:21:31  |w 2026-02-24